Report of the Second Wardha Education Committee of the Central Advisory Board of Education, 1939, together with the decisions of the board thereon (Record no. 494325)

000 -LEADER
fixed length control field 00445cam a22001097a 4500
008 - FIXED-LENGTH DATA ELEMENTS--GENERAL INFORMATION
fixed length control field 180718b1947 xxu||||| |||| 00| 0 eng d
082 ## - DEWEY DECIMAL CLASSIFICATION NUMBER
Classification number Px54 In2c/6
245 ## - TITLE STATEMENT
Title Report of the Second Wardha Education Committee of the Central Advisory Board of Education, 1939, together with the decisions of the board thereon
Statement of responsibility, etc. by Bureau of Education
260 ## - PUBLICATION, DISTRIBUTION, ETC.
Place of publication, distribution, etc. Delhi
Name of publisher, distributor, etc. The Manager of Publications
Date of publication, distribution, etc. 1947
300 ## - PHYSICAL DESCRIPTION
Extent 39p.
700 ## - ADDED ENTRY--PERSONAL NAME
Personal name India. Bureau of Education
Holdings
Withdrawn status Lost status Damaged status Not for loan Permanent Location Current Location Date acquired Full call number Barcode Date last seen Price effective from Koha item type
        Indian Institute of Public Administration Indian Institute of Public Administration 2018-08-04 Px54 In2c/6 GG31780 2018-08-04 2018-08-04 GG

Powered by Koha